<?xml version="1.0" encoding="UTF-8"?>
<collection xmlns="http://www.loc.gov/MARC21/slim">
 <record>
  <leader>01541nam a2200229Ia 4500</leader>
  <controlfield tag="001">TDMU_28849</controlfield>
  <controlfield tag="008">210410s9999    xx            000 0 und d</controlfield>
  <datafield tag="082" ind1=" " ind2=" ">
   <subfield code="a">658</subfield>
  </datafield>
  <datafield tag="090" ind1=" " ind2=" ">
   <subfield code="b">NG527</subfield>
  </datafield>
  <datafield tag="100" ind1=" " ind2=" ">
   <subfield code="a">Nguyễn, Bình Giang</subfield>
  </datafield>
  <datafield tag="245" ind1=" " ind2="0">
   <subfield code="a">Kinh tế và chính trị thế giới</subfield>
  </datafield>
  <datafield tag="245" ind1=" " ind2="0">
   <subfield code="b">Báo cáo thường niên 2012</subfield>
  </datafield>
  <datafield tag="245" ind1=" " ind2="0">
   <subfield code="c">Nguyễn Bình Giang (ch.b.), Đặng Hoàng Hà, Đặng Thị Phương Hoa và [nh.ng. khác]</subfield>
  </datafield>
  <datafield tag="260" ind1=" " ind2=" ">
   <subfield code="a">H.</subfield>
  </datafield>
  <datafield tag="260" ind1=" " ind2=" ">
   <subfield code="b">Khoa học xã hội</subfield>
  </datafield>
  <datafield tag="260" ind1=" " ind2=" ">
   <subfield code="c">2013</subfield>
  </datafield>
  <datafield tag="300" ind1=" " ind2=" ">
   <subfield code="a">195tr.</subfield>
  </datafield>
  <datafield tag="520" ind1=" " ind2=" ">
   <subfield code="a">Sách chuyên khảo; Tổng quan về tình hình kinh tế thế giới năm 2012 với hai nội dung: kinh tế quốc gia và khu vực, quan hệ kinh tế quốc tế. Kết quả bầu cử và một số nét về giới lãnh đạo lớn trên thế giới năm 2012; những xu hướng chính sách đối ngoại của các chính quyền mới và tác động quốc tế; vấn đề tranh chấp chủ quyền biển đảo ở Đông Á, Trung Đông và Bắc Phi. Những triển vọng kinh tế và chính trị thế giới năm 2013</subfield>
  </datafield>
  <datafield tag="650" ind1=" " ind2=" ">
   <subfield code="a">Chính trị</subfield>
   <subfield code="x">Báo cáo</subfield>
   <subfield code="y">2012</subfield>
   <subfield code="z">Thế giới; Kinh tếxBáo cáo</subfield>
   <subfield code="y">2012</subfield>
   <subfield code="z">Thế giới</subfield>
  </datafield>
  <datafield tag="700" ind1=" " ind2=" ">
   <subfield code="a">Đặng, Hoàng Hà</subfield>
  </datafield>
  <datafield tag="856" ind1=" " ind2=" ">
   <subfield code="u">http://lrc.tdmu.edu.vn/opac/search/detail.asp?aID=2&amp;ID=28849</subfield>
  </datafield>
  <datafield tag="980" ind1=" " ind2=" ">
   <subfield code="a">Trung tâm Học liệu Trường Đại học Thủ Dầu Một</subfield>
  </datafield>
 </record>
</collection>
